La Eneida / (Record no. 142022)

MARC details
000 -LEADER
campo de control de longitud fija 00823nam a2200217 i 4500
001 - NÚMERO DE CONTROL
campo de control 142022
003 - IDENTIFICADOR DE NÚMERO DE CONTROL
campo de control ES-MaACL
005 - FECHA Y HORA DE LA ÚLTIMA TRANSACCIÓN
campo de control 20231222062609.0
007 - CAMPO FIJO DE DESCRIPCIÓN FÍSICA--INFORMACIÓN GENERAL
campo de control de longitud fija t|
008 - DATOS DE LONGITUD FIJA--INFORMACIÓN GENERAL
campo de control de longitud fija 071002s1904 sp ||||1| spa d
100 1# - ENTRADA PRINCIPAL--NOMBRE DE PERSONA
Nombre de persona Virgilio Marón, Publio.
9 (RLIN) 115452
245 13 - MENCIÓN DEL TÍTULO
Título La Eneida /
Mención de responsabilidad, etc. Publio Virgilio Marón ; traducción en verso castellano por D. Luis Herrera y Robles ; con un prólogo del Excmo. Sr. D. Juan Valera ; y un dictamen de la Real Academia Española.
250 ## - MENCION DE EDICION
Mención de edición 2ª ed.
260 ## - PUBLICACIÓN, DISTRIBUCIÓN, ETC.
Lugar de publicación, distribución, etc. Madrid :
Nombre del editor, distribuidor, etc. Librería de Fernando Fé,
Fecha de publicación, distribución, etc. 1904 (
Lugar de fabricación/manufactura Sevilla :
Fabricante Celedonio Salas y Cerro)
300 ## - DESCRIPCIÓN FÍSICA
Extensión XXXI, 356 p. ;
Dimensiones 22 cm.
700 1# - ENTRADA AGREGADA--NOMBRE PERSONAL
Nombre de persona Herrera y Robles, Luis.
9 (RLIN) 63251
700 1# - ENTRADA AGREGADA--NOMBRE PERSONAL
Nombre de persona Valera, Juan,
Fechas asociadas al nombre 1824-1905
9 (RLIN) 112638
710 2# - ENTRADA AGREGADA--NOMBRE DE ENTIDAD CORPORATIVA
Nombre de entidad corporativa o nombre de jurisdicción como elemento de entrada Real Academia Española
9 (RLIN) 6336
852 ## - LOCALIZACIÓN
Ubicación ES-MaACL
Número de control de estantería F-10452
Holdings
Estatus retirado Estado de pérdida Estado de daño No para préstamo Biblioteca de origen Biblioteca actual Ubicación en estantería Fecha de adquisición Fuente de adquisición Total de préstamos Signatura topográfica completa Código de barras Visto por última vez Precio de reemplazo Tipo de ítem Koha
        Biblioteca del Ateneo de Madrid Biblioteca del Ateneo de Madrid Sala Pecera Planta 2 17/01/2008     F-10452 1147775 23/02/2023 23/02/2023 Libro impreso